Ελληνικά Αμοιβαία Κεφάλαια / Θεωρία και Πρακτική (Record no. 3811)
[ view plain ]
| 000 -LEADER | |
|---|---|
| fixed length control field | 01732cam a22001934a 4500 |
| 005 - ΗΜΕΡΟΜΗΝΙΑ ΚΑΙ ΩΡΑ ΤΕΛΕΥΤΑΙΑΣ ΕΝΗΜΕΡΩΣΗΣ | |
| Πεδίο ελέγχου | 20250605164126.0 |
| 008 - FIXED-LENGTH DATA ELEMENTS--GENERAL INFORMATION | |
| Πεδίο ελέγχου σταθερού μήκους | 250528s ||||||||||||||||||||||||d |
| 035 ## - SYSTEM CONTROL NUMBER | |
| System control number | 18450 |
| 020 ## - ISBN | |
| ISBN | 9601500200 |
| 040 ## - ΠΗΓΗ ΚΑΤΑΛΟΓΟΓΡΑΦΗΣΗΣ | |
| Φορέας πρωτότυπης καταλογογράφησης | MC Athens Campus Library |
| Γλώσσα καταλογογράφησης | Ελληνικά, Μοντέρνα (1453-) |
| Modifying agency | MC Athens Campus Library |
| Κανόνες περιγραφικής καταλογογράφησης | AACR2 |
| 245 1# - ΤΙΤΛΟΣ ΚΑΙ ΔΗΛΩΣΗ ΥΠΕΥΘΥΝΟΤΗΤΑΣ | |
| Τίτλος | Ελληνικά Αμοιβαία Κεφάλαια / Θεωρία και Πρακτική |
| 260 ## - PUBLICATION, DISTRIBUTION, ETC. | |
| Name of publisher, distributor, etc. | Αντ. Ν. Σάκκουλα, |
| Date of publication, distribution, etc. | 1999 |
| 300 ## - PHYSICAL DESCRIPTION | |
| Extent | 376 |
| 520 ## - SUMMARY, ETC. | |
| Summary, etc. | Πρόλογος, Η Εξέλιξη και το Πλαίσιο Λειτουργίας των Αμοιβαίων Κεφαλαίων, Εισαγωγή, Τα Αμοιβαία Κεφάλαια και η Εξέλιξη τους, Τι Είναι και Πώς Λειτουργούν τα Αμοιβαία Κεφάλαια, Θεσμικό και Εποπτικό Πλαίσιο, Απόψεις στη Σύγχρονη Βιβλιογραφία, Η Διαφοροποίησηση των Αμοιβαίων Κεφαλαίων, Επενδυτικές Τεχνικές, Αποδοτικότητα και Πρόβλεψη Αποδοτικότητας, Η Επαναληπτικότητα της Αποδοτικότητας και οι Ικανότητες των Διαχειριστών και τα Έξοδα, Η Ελληνική Εμπερία - 1990-1996, Η Βιβλιογραφία και το Δείγμα της Μελέτης, Εμπειρικά Αποτελέσματα, Επενδυτές και Αμοιβαία Κεφάλαια και Συμπεράσματα, Συμβουλές και Συμπεράσματα, Επίλογος, Βιβλιογραφία, Παράρτημα. |
| 700 1# - ΠΡΟΣΘΕΤΗ ΑΝΑΓΡΑΦΗ--ΦΥΣΙΚΟ ΠΡΟΣΩΠΟ | |
| Personal name | Μυλωνάς Νικόλαος Θ |
| 9 (RLIN) | 4713 |
| 942 ## - ADDED ENTRY ELEMENTS (KOHA) | |
| Koha item type | Books |
| Τύπος τεκμηρίου | Βιβλιοθήκη | Τρέχουσα τοποθεσία | Barcode | Αριθμός εισαγωγής | Ημερομηνία απόκτησης | Ταξιθετικό σύμβολο | Αριθμός αντιτύπου | Κατάσταση απόσυρσης | Κατάσταση χαμένου | Κατάσταση κατεστραμμένου | Μη δανεισμός | Σύνολο δανεισμών | Ημερομηνία τελευταίας εμφάνισης | Η τιμή ισχύει από |
|---|---|---|---|---|---|---|---|---|---|---|---|---|---|---|
| Books | MC Athens Campus Library | MC Athens Campus Library | 9780000038104 | 3141 | 05/06/2025 | 332.63270495 MIL | 1 | 05/06/2025 | 05/06/2025 |